[Event "Summer Prague Open 2022 - B"]
[Site "Olympik hotel, Sokolovska 138, Praha"]
[Date "2022.08.10"]
[Round "7"]
[Board "3"]
[White "Sulzbacher, Kurt"]
[Black "Onyango, Adia"]
[Result "1-0"]
[WhiteElo "1707"]
[BlackElo "1725"]
[PlyCount "121"]
[EventDate "2022.08.05"]
[EventRounds "9"]
[EventCountry "CZE"]

1. e4 c6 2. d4 d5 3. Nc3 dxe4 4. Nxe4 Bf5 5. Ng3 Bg6 6. h4 h6 7. Nh3 e5 8. dxe5
Qa5+ 9. c3 Qxe5+ 10. Be2 Bc5 11. Bf4 Qf6 12. h5 Bh7 13. O-O Ne7 14. Bd3 O-O 15.
Bxh7+ Kxh7 16. Ne4 Qf5 17. Nxc5 b6 18. Nb3 Nd5 19. Qb1 Qxb1 20. Raxb1 Nxf4 21.
Nxf4 Nd7 22. Rfe1 Rfe8 23. Rxe8 Rxe8 24. Kf1 g5 25. hxg6+ fxg6 26. Re1 Rxe1+
27. Kxe1 Ne5 28. Kd2 g5 29. Nd3 Nc4+ 30. Kc2 c5 31. Nd2 Nd6 32. Ne5 h5 33. Kd3
g4 34. Ne4 Nf5 35. Nf6+ Kh6 36. Ke4 Ne7 37. Nd5 Nc8 38. Nc4 Kg5 39. g3 b5 40.
Nce3 a5 41. Ke5 b4 42. c4 h4 43. gxh4+ Kxh4 44. Ke6 g3 45. fxg3+ Kxg3 46. Kd7
Na7 47. Kc7 a4 48. Kb7 Kf3 49. Kxa7 Ke4 50. b3 a3 51. Kb6 Kd4 52. Kb5 Kd3 53.
Kxc5 Kd2 54. Kxb4 Kc1 55. Kc3 Kb1 56. Nb4 Kc1 57. c5 Kb1 58. c6 Ka1 59. c7 Kb1
60. c8=Q Ka1 61. Qd8  1-0

[Event "Summer Prague Open 2022 - B"]
[Site "Olympik hotel, Sokolovska 138, Praha"]
[Date "2022.08.10"]
[Round "7"]
[Board "4"]
[White "Zamengo, Bruno"]
[Black "Beketov, Timur"]
[Result "1/2-1/2"]
[WhiteElo "1903"]
[BlackElo "1411"]
[PlyCount "74"]
[EventDate "2022.08.05"]
[EventRounds "9"]
[EventCountry "CZE"]

1. e4 c6 2. d4 d5 3. Nc3 dxe4 4. Nxe4 Nf6 5. Nc3 Bf5 6. Nf3 e6 7. Bd3 Bg4 8.
Be3 Nbd7 9. h3 Bh5 10. g4 Bg6 11. g5 Nd5 12. Nxd5 cxd5 13. Bxg6 hxg6 14. Qd3
Qa5+ 15. Bd2 Qa4 16. Qb3 Qa6 17. O-O-O Bd6 18. h4 O-O-O 19. Rhe1 Kb8 20. Kb1
Rc8 21. Bb4 Rc4 22. Bxd6+ Qxd6 23. Qe3 Qc7 24. Re2 a5 25. Rd3 Rc8 26. Qd2 Rh8
27. Ra3 a4 28. Kc1 Rc8 29. Kb1 Qb6 30. Qe3 Qc7 31. Qd2 Qd6 32. Qe3 R8c6 33. Kc1
Qc7 34. Qd3 Qf4+ 35. Qe3 Qc7 36. Qd3 Qd6 37. Qe3 Rc8  1/2-1/2

[Event "Summer Prague Open 2022 - B"]
[Site "Olympik hotel, Sokolovska 138, Praha"]
[Date "2022.08.10"]
[Round "7"]
[Board "5"]
[White "Cavoli, Stefano"]
[Black "Guggenheim, Hans"]
[Result "1-0"]
[WhiteElo "1534"]
[BlackElo "1866"]
[PlyCount "71"]
[EventDate "2022.08.05"]
[EventRounds "9"]
[EventCountry "CZE"]

1. Nf3 d5 2. c4 c6 3. g3 Nf6 4. Bg2 Bf5 5. cxd5 Nxd5 6. O-O e6 7. e3 Bg6 8. e4
Nb6 9. Ne5 N8d7 10. Nxg6 hxg6 11. d4 Nf6 12. Nc3 Be7 13. Bf4 O-O 14. Qd3 Qd7
15. Rfd1 Rfd8 16. Rac1 Qe8 17. Rc2 Rd7 18. Rcd2 Rad8 19. a4 Bb4 20. Qc2 Bxc3
21. bxc3 Nc4 22. Rd3 e5 23. Bg5 Rb8 24. Qb3 b5 25. d5 cxd5 26. exd5 Nd6 27.
axb5 Rxb5 28. Qa2 Qc8 29. Bh3 Nf5 30. c4 Rc5 31. Qb2 Rxc4 32. Qxe5 Re4 33. Qa1
Ng4 34. Bg2 Rc4 35. h3 Ne5 36. Qxe5  1-0

[Event "Summer Prague Open 2022 - B"]
[Site "Olympik hotel, Sokolovska 138, Praha"]
[Date "2022.08.10"]
[Round "7"]
[Board "6"]
[White "Pitera, Michal"]
[Black "Hamdan Edrees, Alhamed"]
[Result "1-0"]
[WhiteElo "1798"]
[BlackElo "1348"]
[PlyCount "130"]
[EventDate "2022.08.05"]
[EventRounds "9"]
[EventCountry "CZE"]

1. d4 Nf6 2. c4 g6 3. Nc3 Bg7 4. e4 d6 5. Be2 O-O 6. Be3 e5 7. d5 a5 8. g4 Na6
9. h4 Nd7 10. Qd2 Nf6 11. f3 h5 12. g5 Nd7 13. Nh3 Ndc5 14. Nf2 Qe8 15. O-O-O
Bd7 16. Nd3 b6 17. Kb1 Qe7 18. Nb5 Rfb8 19. Rc1 Bf8 20. Bd1 Rb7 21. Nxc5 bxc5
22. Ba4 Nb8 23. Rhd1 Be8 24. Qd3 Nd7 25. Nc3 Rab8 26. Bb5 Bg7 27. a4 Nf8 28.
Rc2 Rb6 29. Bf2 Nd7 30. Be1 Ra8 31. Bc6 Raa6 32. Nb5 Qd8 33. Bc3 Kf8 34. Qd2
Nb8 35. Bxe8 Kxe8 36. Bxa5 Rb7 37. b3 Qd7 38. Bc3 Qc8 39. f4 Nd7 40. Rf1 Kf8
41. f5 Kg8 42. fxg6 fxg6 43. Qg2 Nb6 44. Qf3 Qe8 45. Rcf2 Nxa4 46. bxa4 Rxa4
47. Qd3 c6 48. dxc6 Qxc6 49. Ra2 Rxa2 50. Kxa2 Qa6+ 51. Kb2 Rb6 52. Ra1 Qc8 53.
Qd5+ Kh7 54. Ra8 Rb8 55. Rxb8 Qxb8 56. Qxd6 Qc8 57. Bxe5 Qh3 58. Bxg7 Qg2+ 59.
Kb3 Kxg7 60. Qf6+ Kh7 61. e5 Qd2 62. Nc3 Qd7 63. e6 Qb7+ 64. Nb5 Qg7 65. e7 Qg8
 1-0

[Event "Summer Prague Open 2022 - B"]
[Site "Olympik hotel, Sokolovska 138, Praha"]
[Date "2022.08.10"]
[Round "7"]
[Board "7"]
[White "Brzezina, Pawel"]
[Black "Palka, Dominika"]
[Result "1/2-1/2"]
[WhiteElo "1456"]
[BlackElo "1774"]
[PlyCount "68"]
[EventDate "2022.08.05"]
[EventRounds "9"]
[EventCountry "CZE"]

1. e4 e5 2. Nf3 Nc6 3. Bb5 a6 4. Ba4 d6 5. c3 g6 6. d4 exd4 7. Bxc6+ bxc6 8.
Qxd4 Qf6 9. e5 dxe5 10. Qxe5+ Qxe5+ 11. Nxe5 Bg7 12. O-O Ne7 13. Re1 Be6 14.
Bg5 f6 15. Nxc6 Kf7 16. Nxe7 fxg5 17. Nc6 Rhe8 18. Nd2 Bd5 19. Nb4 Bb7 20. Nf3
Bf6 21. Nc2 Bxf3 22. gxf3 Rab8 23. Rxe8 Rxe8 24. Ne3 Rb8 25. Nc4 Ke6 26. Rc1 a5
27. b3 a4 28. bxa4 Kd5 29. Ne3+ Kc5 30. Rd1 Bxc3 31. Rc1 Kd4 32. Rd1+ Ke5 33.
Rc1 Kd4 34. Rd1+ Ke5  1/2-1/2

[Event "Summer Prague Open 2022 - B"]
[Site "Olympik hotel, Sokolovska 138, Praha"]
[Date "2022.08.10"]
[Round "7"]
[Board "8"]
[White "Frankiv, Oleksandr"]
[Black "Mikhno, Artem"]
[Result "1/2-1/2"]
[WhiteElo "1330"]
[BlackElo "1535"]
[PlyCount "33"]
[EventDate "2022.08.05"]
[EventRounds "9"]
[EventCountry "CZE"]

1. e4 c6 2. d4 d5 3. Nc3 dxe4 4. Nxe4 Bf5 5. Ng3 Bg6 6. Nf3 Nd7 7. Bd3 e6 8.
O-O Bd6 9. c4 Ngf6 10. Bg5 Bxd3 11. Qxd3 h6 12. Be3 O-O 13. Ne4 Nxe4 14. Qxe4
Nf6 15. Qh4 Nd7 16. Qe4 Nf6 17. Qh4  1/2-1/2

[Event "Summer Prague Open 2022 - B"]
[Site "Olympik hotel, Sokolovska 138, Praha"]
[Date "2022.08.10"]
[Round "7"]
[Board "9"]
[White "Jaeger, Andre"]
[Black "Horyna, Josef"]
[Result "1-0"]
[WhiteElo "1865"]
[BlackElo "1694"]
[PlyCount "53"]
[EventDate "2022.08.05"]
[EventRounds "9"]
[EventCountry "CZE"]

1. d4 Nf6 2. c4 e6 3. Nc3 d5 4. cxd5 exd5 5. Bg5 Be7 6. e3 O-O 7. Bd3 h6 8. Bh4
c6 9. Qc2 Re8 10. Nge2 Nbd7 11. f3 Qa5 12. O-O Nf8 13. a3 Nh5 14. Bxe7 Rxe7 15.
e4 Nf6 16. e5 Ne8 17. f4 Qd8 18. Ng3 Rc7 19. f5 c5 20. Nb5 Rc6 21. dxc5 b6 22.
b4 bxc5 23. bxc5 Qh4 24. Qf2 Qe7 25. Nd6 Nxd6 26. exd6 Qh4 27. Bb5  1-0

[Event "Summer Prague Open 2022 - B"]
[Site "Olympik hotel, Sokolovska 138, Praha"]
[Date "2022.08.10"]
[Round "7"]
[Board "11"]
[White "Andersen, Carsten"]
[Black "Svetly, Jiri"]
[Result "0-1"]
[WhiteElo "1694"]
[BlackElo "1825"]
[PlyCount "88"]
[EventDate "2022.08.05"]
[EventRounds "9"]
[EventCountry "CZE"]

1. e4 d6 2. d4 Nf6 3. Nc3 g6 4. Bg5 Bg7 5. Nf3 Nbd7 6. Bc4 h6 7. Bh4 c6 8. O-O
b5 9. Bd3 e5 10. d5 cxd5 11. Nxb5 Nc5 12. exd5 Nxd3 13. Qxd3 O-O 14. Qa3 g5 15.
Bg3 Ne4 16. Nc3 Nxg3 17. hxg3 f5 18. Rad1 Qd7 19. Nd2 Bb7 20. Nc4 Rfd8 21. Na5
Rab8 22. Nxb7 Rxb7 23. Ne2 Qb5 24. Qe3 Qxb2 25. Rb1 Qxb1 26. Rxb1 Rxb1+ 27. Kh2
Rb7 28. g4 f4 29. Qe4 Rc7 30. g3 Rdc8 31. c3 Rf7 32. gxf4 gxf4 33. f3 Rfc7 34.
Kh3 Rf7 35. Kh4 Bf6+ 36. Kh5 Rg7 37. Kxh6 Rcc7 38. g5 Bxg5+ 39. Kh5 Bd8 40. Kh6
Rh7+ 41. Kg6 Rcg7+ 42. Kf5 Rh5+ 43. Ke6 Rh6+ 44. Kf5 Rg5#  0-1